000 00546nam a2200181 i 4500
001 132474
003 ES-MaACL
005 20251003063126.0
007 t|
008 070214s1935 fr r ||||1| fre d
100 1 _aRomains, Jules,
_d1885-1972
_999206
245 1 0 _aZola et son exemple
_b: discours de Médan /
_cJules Romains (seud).
260 _aParis :
_bErnest Flammarion,
_c1935.
300 _a29 p. ;
_c18 cm.
600 1 7 _aZola, Émile,
_d1840-1902
_2embne
_9118331
852 _aES-MaACL
_j1792-F-5
999 _c132474
_d132474